|
|
|
|
| LEADER |
01308nam a22003372a 4500 |
| 001 |
001108747 |
| 003 |
CZ BrMZK |
| 005 |
20110112092006.0 |
| 007 |
ta |
| 008 |
100804s1982 xr a er|||||||||||cze d |
| 015 |
|
|
|a cnb000001724
|
| 035 |
|
|
|a (OCoLC)85543902
|
| 040 |
|
|
|a ABA001
|b cze
|d BOA001
|
| 080 |
9 |
|
|a 355.233.21
|
| 080 |
9 |
|
|a 623.437.4.02/.07
|
| 100 |
1 |
|
|a Malach, Antonín,
|d 1926-2023
|7 mzk2003171414
|4 aut
|
| 245 |
1 |
0 |
|a Programovaná učebnice řidiče automobilu.
|n Díl 1.,
|p Konstrukce automobilů /
|c zpracovali Antonín Malach, Miroslav Benděla, Arnošt Farka
|
| 246 |
3 |
0 |
|a Konstrukce automobilů
|
| 250 |
|
|
|a 1. vyd.
|
| 260 |
|
|
|a Praha :
|b Naše vojsko,
|c 1982
|
| 300 |
|
|
|a 464 s. :
|b il. ;
|c 20 cm +
|e vstupní test (9 s.) + výstupní testy (42 s.)
|
| 500 |
|
|
|a Nad názvem: Ministerstvo národní obrany, Tanková a automobilní správa
|
| 504 |
|
|
|a Obsahuje bibliografii
|
| 655 |
|
7 |
|a učebnice
|7 fd133770
|2 czenas
|
| 700 |
1 |
|
|a Farka, Arnošt
|7 xx0048103
|4 aut
|
| 700 |
1 |
|
|a Benděla, Miroslav
|4 aut
|
| 710 |
1 |
|
|a Československo.
|b Ministerstvo národní obrany.
|b Tanková a automobilní správa
|7 kn20050803001
|
| 910 |
|
|
|a BOA001
|b 2-0859.208,1
|
| 990 |
|
|
|a BK
|
| 991 |
|
|
|b 201007
|
| 996 |
6 |
|
|b 2619349561
|c 2-0859.208,1
|l MZK
|r Sklad / do 1 hodiny
|n 1
|w 001136051
|u 000010
|a 1
|e BOA001
|j MZK50
|s P
|